000 01053nam a2200265 i 4500
001 100170
003 ES-MaACL
005 20251104115748.0
007 t|
008 050922s1911 sp |||| | spa d
100 1 _aMartínez Sierra, Gregorio,
_d1881-1947
_978429
245 1 0 _aTeatro de ensueño /
_cGregorio Martínez Sierra ; melancólica sinfonía de Rubén Darío ; ilustraciones líricas de Juan R. Jiménez.
250 _a3ª ed.
260 _aMadrid :
_bRenacimiento,
_c1911 (
_fJ. Poveda)
300 _a269 p. ;
_c20 cm.
530 _aDisponible en formato digital.
594 _aObra en colaboración entre Gregorio Martínez Sierra y María Lejárraga (María Martínez Sierra)
700 1 _aMartínez Sierra, María,
_d1874-1974
_978430
700 1 _aDarío, Rubén,
_d1867-1916
_942720
700 1 _aJiménez, Juan Ramón,
_d1881-1958
_966417
852 4 _aES-MaACL
_jD-706
_cSVI
856 4 _uhttps://archive.org/details/teatrodeensueo00martuoft/page/n7
_yInternet Archive
942 _2udc
999 _c100170
_d100170